<?xml version="1.0" encoding="UTF-8"?>
<record
    xmlns:xsi="http://www.w3.org/2001/XMLSchema-instance"
    xsi:schemaLocation="http://www.loc.gov/MARC21/slim http://www.loc.gov/standards/marcxml/schema/MARC21slim.xsd"
    xmlns="http://www.loc.gov/MARC21/slim">

  <leader>01467nam a2200205Ia 4500</leader>
  <controlfield tag="003">Ost</controlfield>
  <controlfield tag="005">20260507075109.0</controlfield>
  <controlfield tag="008">260507s9999||||xx |||||||||||||| ||und||</controlfield>
  <datafield tag="040" ind1=" " ind2=" ">
    <subfield code="c">fsecg</subfield>
  </datafield>
  <datafield tag="041" ind1=" " ind2=" ">
    <subfield code="a">ara</subfield>
  </datafield>
  <datafield tag="082" ind1=" " ind2=" ">
    <subfield code="a">330</subfield>
  </datafield>
  <datafield tag="100" ind1=" " ind2=" ">
    <subfield code="a">&#x627;&#x644;&#x635;&#x628;&#x627;&#x646;&#x60C; &#x645;&#x62D;&#x645;&#x62F; &#x633;&#x645;&#x64A;&#x631;</subfield>
    <subfield code="e">&#x645;&#x624;&#x644;&#x641;</subfield>
  </datafield>
  <datafield tag="245" ind1=" " ind2="0">
    <subfield code="a">&#x646;&#x638;&#x631;&#x64A;&#x629; &#x627;&#x644;&#x645;&#x631;&#x627;&#x62C;&#x639;&#x629; &#x648;&#x622;&#x644;&#x64A;&#x627;&#x62A; &#x627;&#x644;&#x62A;&#x637;&#x628;&#x64A;&#x642; /</subfield>
    <subfield code="c"> &#x645;&#x62D;&#x645;&#x62F; &#x633;&#x645;&#x64A;&#x631; &#x627;&#x644;&#x635;&#x628;&#x627;&#x646;</subfield>
  </datafield>
  <datafield tag="260" ind1=" " ind2=" ">
    <subfield code="a">&#x627;&#x644;&#x627;&#x633;&#x643;&#x646;&#x62F;&#x631;&#x64A;&#x629;: </subfield>
    <subfield code="b">&#x627;&#x644;&#x62F;&#x627;&#x631; &#x627;&#x644;&#x62C;&#x627;&#x645;&#x639;&#x64A;&#x629; &#x644;&#x644;&#x637;&#x628;&#x627;&#x639;&#x629;, </subfield>
    <subfield code="c">2001</subfield>
  </datafield>
  <datafield tag="300" ind1=" " ind2=" ">
    <subfield code="a">756  &#x635;&#x641;&#x62D;&#x629;&#x61B; </subfield>
    <subfield code="c">24 &#x633;&#x645;</subfield>
  </datafield>
  <datafield tag="520" ind1=" " ind2=" ">
    <subfield code="a">&#x641;&#x64A; &#x647;&#x630;&#x627; &#x627;&#x644;&#x643;&#x62A;&#x627;&#x628; :  1- &#x645;&#x639;&#x627;&#x64A;&#x64A;&#x631; &#x627;&#x644;&#x645;&#x631;&#x627;&#x62C;&#x639;&#x629;&#x627;&#x644;&#x645;&#x62A;&#x639;&#x627;&#x631;&#x641; &#x639;&#x644;&#x64A;&#x647;&#x627; 2- &#x645;&#x633;&#x624;&#x648;&#x644;&#x64A;&#x629; &#x627;&#x644;&#x645;&#x631;&#x627;&#x62C;&#x639; &#x648;&#x623;&#x62F;&#x627;&#x628; &#x627;&#x644;&#x633;&#x644;&#x648;&#x643; &#x627;&#x644;&#x645;&#x647;&#x646;&#x64A; 3- &#x62A;&#x642;&#x631;&#x64A;&#x631; &#x627;&#x644;&#x645;&#x631;&#x627;&#x62C;&#x639; &#x648;&#x627;&#x644;&#x633;&#x644;&#x648;&#x643; &#x627;&#x644;&#x645;&#x647;&#x646;&#x64A; 4- &#x62A;&#x642;&#x631;&#x64A;&#x631; &#x627;&#x644;&#x645;&#x631;&#x627;&#x62C;&#x639; &#x627;&#x644;&#x62E;&#x627;&#x631;&#x62C;&#x64A; 5- &#x627;&#x644;&#x631;&#x642;&#x627;&#x628;&#x629; &#x627;&#x644;&#x62F;&#x627;&#x62E;&#x644;&#x64A;&#x629; 6- &#x627;&#x644;&#x62C;&#x648;&#x646;&#x628; &#x627;&#x644;&#x633;&#x644;&#x648;&#x643;&#x64A;&#x629; &#x644;&#x644;&#x631;&#x642;&#x627;&#x628;&#x629; &#x627;&#x644;&#x62F;&#x627;&#x62E;&#x644;&#x64A;&#x629; 7- &#x642;&#x631;&#x627;&#x626;&#x646; &#x648;&#x623;&#x62F;&#x644;&#x629; &#x627;&#x644;&#x625;&#x62B;&#x628;&#x627;&#x62A; &#x641;&#x64A; &#x627;&#x644;&#x645;&#x631;&#x627;&#x62C;&#x639;&#x629; 8- &#x627;&#x644;&#x645;&#x62F;&#x62E;&#x644; &#x627;&#x644;&#x625;&#x62D;&#x635;&#x627;&#x626;&#x64A; &#x641;&#x64A; &#x645;&#x62C;&#x627;&#x644; &#x627;&#x62E;&#x62A;&#x628;&#x627;&#x631;&#x627;&#x62A; &#x627;&#x644;&#x645;&#x631;&#x627;&#x62C;&#x639; &#x627;&#x644;&#x627;&#x62F;&#x627;&#x631;&#x64A;&#x629;  9- &#x627;&#x644;&#x645;&#x631;&#x627;&#x62C;&#x639;&#x629; &#x627;&#x644;&#x625;&#x62C;&#x62A;&#x645;&#x627;&#x639;&#x64A;&#x629; &#x648;&#x627;&#x62E;&#x62A;&#x628;&#x627;&#x631;&#x627;&#x62A; &#x627;&#x644;&#x62A;&#x62D;&#x642;&#x642; &#x645;&#x646; &#x627;&#x644;&#x623;&#x62F;&#x627;&#x621; &#x627;&#x644;&#x625;&#x62C;&#x62A;&#x645;&#x627;&#x639;&#x64A; &#x644;&#x644;&#x648;&#x62D;&#x62F;&#x629; &#x627;&#x644;&#x625;&#x642;&#x62A;&#x635;&#x627;&#x62F;&#x64A;&#x629;  10- &#x627;&#x62E;&#x62A;&#x628;&#x627;&#x631;&#x627;&#x62A; &#x627;&#x644;&#x645;&#x631;&#x627;&#x62C;&#x639;&#x629; &#x627;&#x644;&#x645;&#x633;&#x62A;&#x646;&#x62F;&#x64A;&#x629; 11- &#x627;&#x62E;&#x62A;&#x628;&#x627;&#x631;&#x627;&#x62A; &#x627;&#x644;&#x62A;&#x62D;&#x642;&#x642; &#x645;&#x646; &#x627;&#x644;&#x623;&#x635;&#x648;&#x644; &#x648;&#x627;&#x644;&#x62E;&#x635;&#x648;&#x645; &#x648;&#x639;&#x646;&#x627;&#x635;&#x631; &#x646;&#x62A;&#x64A;&#x62C;&#x629; &#x627;&#x644;&#x623;&#x639;&#x645;&#x627;&#x644;</subfield>
  </datafield>
  <datafield tag="653" ind1=" " ind2=" ">
    <subfield code="a">&#x622;&#x644;&#x64A;&#x627;&#x62A; &#x627;&#x644;&#x62A;&#x637;&#x628;&#x64A;&#x642;</subfield>
  </datafield>
  <datafield tag="653" ind1=" " ind2=" ">
    <subfield code="a">&#x646;&#x638;&#x631;&#x64A;&#x629; &#x627;&#x644;&#x645;&#x631;&#x627;&#x62C;&#x639;&#x629;</subfield>
  </datafield>
  <datafield tag="942" ind1=" " ind2=" ">
    <subfield code="c">&#x643;&#x62A;&#x627;&#x628;</subfield>
  </datafield>
  <datafield tag="952" ind1=" " ind2=" ">
    <subfield code="0">0</subfield>
    <subfield code="1">0</subfield>
    <subfield code="2">ddc</subfield>
    <subfield code="4">0</subfield>
    <subfield code="7">-1</subfield>
    <subfield code="a">fsecg</subfield>
    <subfield code="b">fsecg</subfield>
    <subfield code="d">2026-05-07</subfield>
    <subfield code="h">&#x627;&#x644;&#x637;&#x627;&#x628;&#x642; &#x627;&#x644;&#x623;&#x631;&#x636;&#x64A;</subfield>
    <subfield code="i">1431/1</subfield>
    <subfield code="l">0</subfield>
    <subfield code="o">&#x623;/1431&#x646;1</subfield>
    <subfield code="p">1431/1</subfield>
    <subfield code="r">2026-05-07 07:51:09</subfield>
    <subfield code="w">2026-05-07</subfield>
    <subfield code="y">&#x643;&#x62A;&#x627;&#x628;</subfield>
  </datafield>
  <datafield tag="999" ind1=" " ind2=" ">
    <subfield code="c">42851</subfield>
    <subfield code="d">42851</subfield>
  </datafield>
</record>
